000
00229 a2200097 4500
001
27539
100
_a
Chatfield, C
245
_a
Analysis of time series theory practice
260
_a
_b
Chapman hall
_c
1975
090
_c
18328
_d
18328
942
_a
NUST-CAE
_c
M
_c
9256
999
_c
262612
_d
262612